000 00455nam a22001697a 4500
003 SGT
020 _a9789394525030
082 _a610.73
_bC23S
100 _aSOOD, BABITA
245 _aCBS HB. OF CLINICAL EXAMINATION & HISTORY HAKING : A NURSING APPROACH
250 _a2ND
260 _aINDIA
_bCBS PUB
_c2023
300 _a504
650 _aNURSING BOOK
653 _aCLINICAL EXAMINATION & HISTORY HAKING : A NURSING APPROACH
942 _2ddc
_cBK
_01
999 _c27548
_d27548